Kepelbagaian ekologi rimba bandar Bukit Bauk Terengganu

Bibliographic Details
Main Author: Jeffri Abd. Rashid
Other Authors: A.Latiff, Agus Hikmat
Format: Book
Published: Kuala Terengganu : Jabatan Perhutanan Negeri Terengganu , 2006
Subjects:

MARC

LEADER 00000cam a2200000 7i4500
001 0000003776
005 20110620.0
020 0 0 |a 9834323301 
090 0 0 |a JPSM 333.7511   |b JEF2006 
100 0 0 |a Jeffri Abd. Rashid 
245 1 0 |a Kepelbagaian ekologi rimba bandar Bukit Bauk Terengganu   |c Jeffri Abd. Rashid, Agus Hikmat, A.Latiff 
260 0 0 |a Kuala Terengganu :   |b Jabatan Perhutanan Negeri Terengganu ,   |c 2006 
300 |a 177 p. :   |b ill.col. ;   |c 22 cm. 
504 0 0 |a Includes bibliography 
650 0 0 |a Ecological reserves---Terengganu 
650 0 0 |a Ecology---Research---Terengganu 
650 0 0 |a Natural area---Terengganu 
700 0 1 |a A.Latiff 
700 0 1 |a Agus Hikmat 
998 |a JPSM 
999 |a 007340   |b Monograph   |c Open Shelf   |e Default branch 
999 |a 007341   |b Monograph   |c Open Shelf   |e Default branch